000 nam a22 7a 4500
999 _c21646
_d21646
008 170121b xxu||||| |||| 00| 0 eng d
020 _a0935890769
050 _aRT 120 .T73 2000
110 _aEmergency nurses Association.
245 _aTrauma nursing core course :
_cEmergency nurses association,
260 _aUSA :
_bEmergency nurses Association,
_c2000.
300 _axxii, 524p. :
_bill. ;
_c28cm.
500 _aInclude index.
650 _aEmergency nursing.
942 _2lcc
_cBOOKS